HSV 2. Liga Einsätze - Statistiken

Allgemein
  • Dieses Quiz wurde 370 mal gespielt
    293 seit der letzten Aktualisierung
  • Das Durchschnittsergebnis liegt bei 44 aus 98
Antwortstatistiken
Einsätze Spieler % Korrekt
106 Robert Glatzel
96%
126 Daniel Heuer Fernandes
95%
180 Bakery Jatta
89%
101 Miro Muheim
89%
94 Sebastian Schonlau
89%
19 Davie Selke
87%
102 Ludovit Reis
86%
72 Jean-Luc Dompe
85%
3 Tom Mickel
85%
112 Jonas Meffert
82%
18 Matheo Raab
77%
4 Otto Stange
76%
126 Sonny Kittel
76%
79 Ransford Königsdörffer
74%
72 Aaron Hunt
68%
33 Simon Terodde
67%
112 Moritz Heyer
66%
37 Julian Pollersbeck
65%
27 Pierre-Michel Lasogga
64%
32 Sven Ulreich
64%
78 Tim Leibold
64%
22 William Mikelbrencis
64%
26 Lewis Holtby
63%
17 Fiete Arp
62%
17 Daniel Elfadli
61%
38 Dennis Hadzikadunic
60%
8 Emir Sahiti
60%
40 Mario Vuskovic
60%
60 Laszlo Benes
59%
25 Noah Katterbach
59%
12 Fabio Balde
57%
9 Silvan Hefti
57%
17 Adam Karabec
55%
42 Immanuel Pherai
55%
15 Marco Richter
53%
53 Jonas David
52%
33 Douglas Santos
51%
70 Rick van Drongelen
51%
33 Lukas Hinterseer
50%
55 Gideon Jung
48%
25 Amadou Onana
46%
31 Gotoku Sakai
46%
30 Lukasz Poreba
46%
22 Bobby Wood
45%
63 Josha Vagnoman
45%
77 Khaled Narey
44%
48 Anssi Suhonen
43%
14 Tatsuya Ito
43%
21 Levin Öztunali
42%
19 Toni Leistner
42%
45 Stephan Ambrosius
41%
78 David Kinsombi
40%
23 Gui Ramos
40%
25 David Bates
39%
29 Orel Mangala
38%
31 Adrian Fein
37%
23 Faride Alidou
37%
55 Jeremy Dudziak
36%
39 Andras Nemeth
35%
50 Jan Gyamerah
33%
67 Manuel Wintzheimer
33%
23 Ignace van der Brempt
31%
14 Joel Pohjanpalo
31%
5 Nicolas Oliveira
30%
2 Tom Sanne
30%
6 Lucas Perrin
28%
23 Martin Harnik
27%
3 Kyriakos Papadopoulos
26%
26 Mikkel Kaufmann
26%
24 Timo Letschert
25%
10 Xavier Amaechi
25%
14 Robin Meißner
24%
16 Leo Lacroix
23%
3 Matti Steinmann
23%
2 Valon Zumberi
23%
4 Aaron Opoku
22%
8 Elijah Krahn
22%
16 Jairo
22%
14 Maximilian Rohr
22%
6 Tommy Doyle
22%
5 Ewerton
21%
15 Klaus Gjasula
21%
7 Marko Johansson
21%
20 Hee-Chan Hwang
20%
4 Javi Montero
20%
2 Omar Megeed
20%
15 Berkay Özcan
19%
13 Filip Bilbija
19%
10 Giorgi Chakvetadze
18%
7 Ogechika Heil
18%
19 Christoph Moritz
17%
11 Jordan Beyer
17%
22 Vasilije Janjicic
17%
8 Masaya Okugawa
15%
12 Louis Schaub
13%
3 Mats Köhlert
11%
3 Moritz-Broni Kwarteng
11%
1 Bent Andresen
10%
Keine übereinstimmenden Quizze gefunden
Verteilung der Resultate
Anzahl Personen mit jedem Resultat
Perzentil nach korrekt beantworteten Fragen
Ihre Resultats-Entwicklung
Sie haben dieses Quiz seit der letzten Aktualisierung nicht gespielt